[Event "ENG-ch"]
[Site "Kenilworth"]
[Date "2024.06.22"]
[Round "5"]
[White "Watson, Jacob"]
[Black "Okhai, Shabir"]
[Result "1-0"]
[WhiteElo "1883"]
[BlackElo "2099"]
[PlyCount "79"]
[EventDate "2024.06.20"]
[EventType "swiss"]
[EventRounds "7"]
[EventCountry "ENG"]
[SourceTitle "CBM 220 Extra"]
[Source "ChessBase"]
[SourceDate "2024.07.31"]
[SourceVersion "1"]
[SourceVersionDate "2024.07.31"]
[SourceQuality "1"]

1. e4 e5 2. Nf3 Nc6 3. Bb5 a6 4. Ba4 Nf6 5. d3 d6 6. c3 g6 7. 0-0 Bg7 8. Nbd2 0-0 9. Re1 b5 10. Bc2 Re8 11. Nf1 d5 12. a4 Rb8 13. Bg5 d4 14. axb5 axb5 15. Qc1 Qd6 16. cxd4 Nxd4 17. Nxd4 Qxd4 18. Be3 Qd8 19. h3 Be6 20. Nd2 Nd7 21. Nf3 Nf8 22. Ng5 Qd6 23. Rd1 Ra8 24. Qd2 Rxa1 25. Rxa1 Rd8 26. b4 h6 27. Nf3 Kh7 28. Bc5 Qc6 29. Rc1 Qa6 30. Qc3 Nd7 31. Be3 Qd6 32. d4 exd4 33. Bxd4 Bxd4 34. Nxd4 Bc4 35. Rd1 Qb6 36. Nb3 Be6 37. Nc5 Qc6 38. Bb3 Re8 39. Bxe6 Nxc5 40. Bd5 1-0

[Event "Edinburgh Park op"]
[Site "Edinburgh"]
[Date "2024.03.24"]
[Round "5"]
[White "Berg, Jan"]
[Black "Watson, Jacob"]
[Result "1/2-1/2"]
[WhiteElo "1864"]
[BlackElo "1910"]
[PlyCount "100"]
[EventDate "2024.03.22"]
[EventType "swiss"]
[EventRounds "5"]
[EventCountry "SCO"]
[SourceTitle "CBM 219 Extra"]
[Source "ChessBase"]
[SourceDate "2024.05.31"]
[SourceVersion "1"]
[SourceVersionDate "2024.05.31"]
[SourceQuality "1"]

1. e4 c5 2. Nf3 Nc6 3. Bb5 e6 4. 0-0 Nge7 5. c3 a6 6. Bd3 d5 7. e5 Ng6 8. Re1 Be7 9. Bc2 d4 10. d3 0-0 11. Nbd2 b5 12. a4 Bb7 13. axb5 axb5 14. Rxa8 Bxa8 15. c4 bxc4 16. Nxc4 Nb4 17. Ba4 Bd5 18. Qe2 Qc7 19. Ng5 Bxg5 20. Bxg5 Ra8 21. b3 Bxc4 22. dxc4 Qb7 23. Bd2 Rd8 24. Qe4 Qxe4 25. Rxe4 Nd3 26. f4 Ra8 27. g3 Nb2 28. Bb5 Ra1+ 29. Re1 Ra2 30. Re2 Nd3 31. Kg2 Nc1 32. Rf2 Nxb3 33. Be1 Ra1 34. Rb2 Rxe1 35. Rxb3 f6 36. exf6 gxf6 37. Ra3 e5 38. Ra8+ Kg7 39. Kf2 Rc1 40. f5 Ne7 41. Ra7 Kf7 42. Bc6 Rc2+ 43. Kf3 Rc3+ 44. Kf2 Rc2+ 45. Kf3 Rc1 46. Bd5+ Kf8 47. Ra8+ Kg7 48. Ra7 Kf8 49. Ra8+ Kg7 50. Ra7 Kf8 1/2-1/2

[Event "Edinburgh Park op"]
[Site "Edinburgh"]
[Date "2024.03.22"]
[Round "1"]
[White "Stewart, Josh"]
[Black "Watson, Jacob"]
[Result "1-0"]
[WhiteElo "1540"]
[BlackElo "1910"]
[PlyCount "77"]
[EventDate "2024.03.22"]
[EventType "swiss"]
[EventRounds "5"]
[EventCountry "SCO"]
[SourceTitle "CBM 219 Extra"]
[Source "ChessBase"]
[SourceDate "2024.05.31"]
[SourceVersion "1"]
[SourceVersionDate "2024.05.31"]
[SourceQuality "1"]

1. e4 c6 2. d4 d5 3. f3 dxe4 4. fxe4 e5 5. Nf3 exd4 6. Bc4 Be7 7. 0-0 Nf6 8. Ng5 0-0 9. Nxf7 Rxf7 10. Bxf7+ Kxf7 11. e5 Kg8 12. exf6 Bxf6 13. Nd2 d3 14. Qh5 Be6 15. Ne4 Bf7 16. Nxf6+ gxf6 17. Qh6 Bg6 18. cxd3 Nd7 19. Bf4 Nc5 20. Rad1 Nxd3 21. Rf3 Qd4+ 22. Be3 Qxb2 23. Rdf1 Rf8 24. Bg5 Qd4+ 25. Kh1 f5 26. Be3 Qd6 27. h4 Ne5 28. Bf4 Qd5 29. Bxe5 Qxe5 30. h5 Be8 31. Qg5+ Qg7 32. Qh4 Qf6 33. Qh2 Qh6 34. g4 Bf7 35. Kg1 fxg4 36. Rf4 Qg5 37. Qg3 Qe7 38. Rxg4+ Kh8 39. Qc3+ 1-0

[Event "SCO-ch op 128th"]
[Site "Dunfermline"]
[Date "2023.07.07"]
[Round "1"]
[White "Watson, Jacob"]
[Black "Swanson, Stephen"]
[Result "1/2-1/2"]
[WhiteElo "1885"]
[BlackElo "2194"]
[PlyCount "56"]
[EventDate "2023.07.07"]
[EventType "swiss"]
[EventRounds "5"]
[EventCountry "SCO"]
[SourceTitle "CBM 215 Extra"]
[Source "ChessBase"]
[SourceDate "2023.09.30"]
[SourceVersion "1"]
[SourceVersionDate "2023.09.30"]
[SourceQuality "1"]

1. e4 d6 2. d4 Nf6 3. Nc3 e5 4. Nf3 exd4 5. Nxd4 Be7 6. Bc4 0-0 7. f3 c6 8. Be3 b5 9. Bb3 b4 10. Na4 d5 11. exd5 Nxd5 12. Bxd5 Qxd5 13. 0-0 Bf6 14. Nb3 Qb5 15. Nbc5 Na6 16. Qd3 Nxc5 17. Nxc5 a5 18. Rab1 Re8 19. Bf2 Qxd3 20. cxd3 Re2 21. Rfe1 Rxe1+ 22. Rxe1 Bf5 23. d4 h5 24. h3 h4 25. b3 Rd8 26. Nb7 Rd5 27. Re8+ Kh7 28. Ra8 Bxd4 1/2-1/2

[Event "ENG-ch Chessable"]
[Site "Kenilworth"]
[Date "2023.05.28"]
[Round "6"]
[White "Watson, Jacob"]
[Black "Payne, Matthew"]
[Result "1/2-1/2"]
[WhiteElo "1886"]
[BlackElo "2153"]
[PlyCount "148"]
[EventDate "2023.05.26"]
[EventType "swiss"]
[EventRounds "7"]
[EventCountry "ENG"]
[SourceTitle "CBM 214 Extra"]
[Source "ChessBase"]
[SourceDate "2023.07.31"]
[SourceVersion "1"]
[SourceVersionDate "2023.07.31"]
[SourceQuality "1"]

1. e4 e6 2. d4 d5 3. exd5 exd5 4. c4 Nf6 5. Nc3 Bb4 6. Bd3 dxc4 7. Bxc4 0-0 8. Nge2 Nbd7 9. Bg5 Nb6 10. Bb3 c6 11. 0-0 Re8 12. Nf4 Qd6 13. Nd3 Bg4 14. Qc2 Bxc3 15. bxc3 Bf5 16. Bxf6 Qxf6 17. Qd2 Rad8 18. Rfe1 Nd7 19. Re3 Rxe3 20. fxe3 Qg5 21. Rf1 Nf6 22. Ne5 Be6 23. Bxe6 fxe6 24. Qe2 Rf8 25. e4 Qh4 26. g4 Qg5 27. Kh1 h5 28. gxh5 Nxh5 29. Rxf8+ Kxf8 30. Qf2+ Kg8 31. Qf7+ Kh7 32. Nd3 Qg4 33. Nf2 Qh4 34. Qf3 Nf4 35. e5 Qg5 36. Qg3 Qf5 37. Qh4+ Kg6 38. Qg3+ Kf7 39. Qf3 Qb1+ 40. Nd1 g5 41. Kg1 Qxa2 42. h4 Qd2 43. hxg5 Qe1+ 44. Kh2 Qh4+ 45. Kg1 Qxg5+ 46. Kf1 Ke7 47. Nf2 Nd5 48. Ne4 Qc1+ 49. Kf2 a5 50. Nd6 Qc2+ 51. Kf1 Qg6 52. c4 Nc7 53. Qb3 b5 54. cxb5 cxb5 55. Nxb5 Qf5+ 56. Kg2 Qe4+ 57. Kh3 Qh1+ 58. Kg4 Qg1+ 59. Kh5 Qh2+ 60. Kg5 Qd2+ 61. Kg6 Nd5 62. Qg3 Nf4+ 63. Kh7 Qd3+ 64. Qxd3 Nxd3 65. Nc3 Nb2 66. Kg6 a4 67. Kg5 a3 68. Kf4 Kd7 69. Na2 Kc6 70. Ke4 Na4 71. Kd3 Nb6 72. Kc3 Kd5 73. Kd3 Kc6 74. Kc3 Kb5 1/2-1/2

[Event "London Mindsports-C"]
[Site "London"]
[Date "2023.02.16"]
[Round "3"]
[White "Watson, Jacob"]
[Black "Sivanandan, Bodhana"]
[Result "0-1"]
[WhiteElo "1889"]
[BlackElo "1725"]
[PlyCount "158"]
[EventDate "2023.02.15"]
[EventType "tourn"]
[EventRounds "9"]
[EventCountry "ENG"]
[SourceTitle "CBM 213 Extra"]
[Source "ChessBase"]
[SourceDate "2023.05.31"]
[SourceVersion "1"]
[SourceVersionDate "2023.05.31"]
[SourceQuality "1"]

1. d4 d5 2. Nf3 Nf6 3. Bf4 Bf5 4. e3 e6 5. Bd3 Bxd3 6. Qxd3 Nbd7 7. Nbd2 c6 8. h3 Be7 9. 0-0 0-0 10. c4 c5 11. Rfd1 cxd4 12. exd4 dxc4 13. Nxc4 Nd5 14. Bg3 N7b6 15. Rac1 Nxc4 16. Qxc4 Qb6 17. Ne5 Rfd8 18. Qe2 Rac8 19. Qf3 f6 20. Nc4 Qa6 21. Qb3 b5 22. Ne3 Nxe3 23. fxe3 Rc4 24. Rxc4 bxc4 25. Qc3 e5 26. Rc1 exd4 27. exd4 Qxa2 28. Qxc4+ Qxc4 29. Rxc4 Rd7 30. Kf1 Kf7 31. Ke2 Rb7 32. Rc2 Ke6 33. Be1 Kd5 34. Bc3 Ke4 35. Kf2 Bb4 36. Re2+ Kd3 37. Rd2+ Kc4 38. Bxb4 Kxb4 39. Ke3 Kc4 40. Rc2+ Kd5 41. Rc5+ Kd6 42. Rc2 a5 43. Ke4 g6 44. g4 Rb5 45. Rf2 Ke6 46. h4 f5+ 47. gxf5+ gxf5+ 48. Kd3 Rb4 49. Kc3 h6 50. b3 Rb7 51. Ra2 Rb5 52. Rg2 Kf6 53. h5 f4 54. Rg6+ Kf7 55. Rg4 Rf5 56. Kd3 f3 57. Rg1 Rxh5 58. Rf1 Rf5 59. Ke3 Ke6 60. Ke4 Rf6 61. Rf2 h5 62. d5+ Kd6 63. Ke3 Kxd5 64. Rd2+ Kc5 65. Kf2 Kb4 66. Rd5 h4 67. Rh5 Rf4 68. Re5 h3 69. Rh5 h2 70. Rxh2 Kxb3 71. Rh1 a4 72. Ke3 Rf6 73. Rb1+ Kc3 74. Kf2 a3 75. Rb8 Rf4 76. Ra8 Kb3 77. Rd8 a2 78. Ra8 Ra4 79. Rb8+ Rb4 0-1

[Event "ENG-ch Chessable"]
[Site "Kenilworth"]
[Date "2022.05.19"]
[Round "1"]
[White "Watson, Jacob"]
[Black "Haydon, David Leslie"]
[Result "0-1"]
[WhiteElo "1922"]
[BlackElo "2275"]
[PlyCount "76"]
[EventDate "2022.05.19"]
[EventType "swiss"]
[EventRounds "7"]
[EventCountry "ENG"]
[SourceTitle "CBM 208 Extra"]
[Source "ChessBase"]
[SourceDate "2022.07.31"]
[SourceVersion "1"]
[SourceVersionDate "2022.07.31"]
[SourceQuality "1"]

1. e4 c6 2. d4 d5 3. exd5 cxd5 4. c4 Nf6 5. Nc3 e6 6. Nf3 Nc6 7. Bd3 dxc4 8. Bxc4 Be7 9. 0-0 0-0 10. Be3 b6 11. Qe2 Bb7 12. a3 Rc8 13. Rac1 Bd6 14. Ba6 Bxa6 15. Qxa6 h6 16. Qa4 Qd7 17. Rfd1 Rfd8 18. Nd2 Bb8 19. Nde4 Nxe4 20. Nxe4 f5 21. d5 exd5 22. Nc3 Qf7 23. Ne2 Ne5 24. Rxc8 Rxc8 25. Nf4 Nc4 26. Qb5 Nxe3 27. fxe3 Bxf4 28. exf4 Rd8 29. Qb4 Qc7 30. Qd4 Qe7 31. Kf2 Kh7 32. Qe3 Qh4+ 33. Kg1 d4 34. Qe5 Qh5 35. Rd3 Re8 36. Qxd4 Re1+ 37. Kf2 Qe2+ 38. Kg3 Qg4+ 0-1

[Event "BCF-chT4S 1718 (4NCL)"]
[Site "England"]
[Date "2018.01.13"]
[Round "3.32"]
[White "Watson, Jacob"]
[Black "De Coverly, Roger D"]
[Result "1/2-1/2"]
[WhiteElo "1881"]
[BlackElo "1917"]
[PlyCount "111"]
[EventDate "2017.11.11"]
[EventType "team-swiss"]
[EventRounds "11"]
[EventCountry "ENG"]
[SourceTitle "EXT 2020"]
[Source "ChessBase"]
[SourceDate "2019.10.17"]
[SourceVersion "1"]
[SourceVersionDate "2019.10.17"]
[SourceQuality "1"]
[WhiteTeam "KJCA Young Kestrels"]
[BlackTeam "Wessex II"]
[WhiteTeamCountry "ENG"]
[BlackTeamCountry "ENG"]

1. e4 e5 2. Nf3 Nc6 3. Bb5 a6 4. Ba4 Nf6 5. d3 d6 6. c3 Be7 7. 0-0 0-0 8. Nbd2 b5 9. Bc2 Bb7 10. a4 Nb8 11. b4 Nbd7 12. Nb3 c5 13. Na5 Qc7 14. Nxb7 Qxb7 15. Rb1 cxb4 16. cxb4 d5 17. Bg5 Bd6 18. Re1 Rfe8 19. Nh4 h6 20. Nf5 Bf8 21. Bd2 dxe4 22. dxe4 Nb6 23. Qf3 Rac8 24. Bd3 Nc4 25. Bxc4 Rxc4 26. Nxh6+ gxh6 27. Qxf6 Rxe4 28. Rxe4 Qxe4 29. Rb3 Bg7 30. Qf3 Qc2 31. Be1 e4 32. Qe3 bxa4 33. Ra3 Qd1 34. Kf1 Qd7 35. Qd2 Qb5+ 36. Qe2 Bb2 37. Re3 a3 38. Rg3+ Kh7 39. Bc3 Bxc3 40. Rxc3 Qxb4 41. Qa2 Re6 42. Qxa3 Qxa3 43. Rxa3 Rd6 44. Ke2 Kg6 45. Ra5 f5 46. h3 Kf6 47. Ke3 Kg5 48. g4 Rd3+ 49. Ke2 Rxh3 50. gxf5 Rf3 51. Rxa6 Rxf5 52. Re6 Rf4 53. Ke3 h5 54. Re8 Rh4 55. Re5+ Kf6 56. Rxe4 1/2-1/2

[Event "ENG Terafinal Challengers-B"]
[Site "Daventry"]
[Date "2017.08.12"]
[Round "2"]
[White "Sharma, Naavya"]
[Black "Watson, Jacob"]
[Result "0-1"]
[WhiteElo "112"]
[BlackElo "167"]
[PlyCount "92"]
[EventDate "2017.08.12"]
[EventType "swiss"]
[EventRounds "6"]
[EventCountry "ENG"]
[SourceTitle "CBM 179 Extra"]
[Source "ChessBase"]
[SourceDate "2017.08.23"]
[SourceVersion "1"]
[SourceVersionDate "2017.08.23"]
[SourceQuality "1"]

1. d4 d5 2. c4 dxc4 3. e3 Nf6 4. Bxc4 e6 5. Nf3 a6 6. Nc3 b5 7. Bd3 Bb7 8. a3 Nbd7 9. 0-0 Be7 10. Re1 0-0 11. Bd2 c5 12. Rc1 Qb6 13. dxc5 Nxc5 14. Bb1 Rfd8 15. Nd4 Rac8 16. Qe2 Bf8 17. Red1 Rd7 18. b4 Na4 19. Nxa4 bxa4 20. Rxc8 Bxc8 21. Rc1 Rc7 22. Rxc7 Qxc7 23. Qd1 Bd7 24. Qc2 Qd6 25. Qd3 g6 26. Nf3 Bb5 27. Qxd6 Bxd6 28. Nd4 Bc4 29. Bc2 e5 30. Nf3 Bb5 31. Bc3 Nd7 32. e4 f6 33. Nd2 Kf7 34. Bb1 Ke7 35. g3 Nb6 36. Kg2 Bc7 37. h3 Nc8 38. Nf1 Bb6 39. Nd2 Nd6 40. g4 Nc4 41. Nxc4 Bxc4 42. Bc2 Bb5 43. Kg1 g5 44. Kg2 Kd6 45. Bb2 Bd4 46. Bc1 a5 0-1